NEW TOWNS (Record no. 12272)

000 -LEADER
fixed length control field 00499 a2200205 4500
003 - CONTROL NUMBER IDENTIFIER
control field OSt
005 - DATE AND TIME OF LATEST TRANSACTION
control field 20231120114216.0
008 - FIXED-LENGTH DATA ELEMENTS--GENERAL INFORMATION
fixed length control field 231120b ||||| |||| 00| 0 eng d
020 ## - INTERNATIONAL STANDARD BOOK NUMBER
International Standard Book Number 9783868594614
040 ## - CATALOGING SOURCE
Original cataloging agency BMSCA
041 ## - LANGUAGE CODE
Language code of text/sound track or separate title Eng
082 ## - DEWEY DECIMAL CLASSIFICATION NUMBER
Edition number 23
Classification number 307.768
Item number MIT
100 ## - MAIN ENTRY--PERSONAL NAME
Personal name DUNIA MITTNER
245 ## - TITLE STATEMENT
Title NEW TOWNS
Remainder of title AN INVESTIGATION ON URBANISM
260 ## - PUBLICATION, DISTRIBUTION, ETC. (IMPRINT)
Name of publisher, distributor, etc JOVIS Verlag,
Date of publication, distribution, etc 2018.
Place of publication, distribution, etc London:
300 ## - PHYSICAL DESCRIPTION
Extent XI,320p.:
Dimensions 23cm.
650 ## - SUBJECT ADDED ENTRY--TOPICAL TERM
Source of heading or term New towns
650 ## - SUBJECT ADDED ENTRY--TOPICAL TERM
Source of heading or term City planning
942 ## - ADDED ENTRY ELEMENTS (KOHA)
Source of classification or shelving scheme
Holdings
Withdrawn status Lost status Source of classification or shelving scheme Damaged status Koha normalized classification for sorting Not for loan Permanent location Current location Date acquired Source of acquisition Cost, normal purchase price Full call number Barcode Date last seen Cost, replacement price Price effective from Koha item type
        307_768000000000000_MIT   BMS College of Architecture, Design and Planning BMS College of Architecture, Design and Planning 2023-11-20 1 2561.80 307.768 MIT AR-PG704 2023-11-20 3415.73 2023-11-20 PG Books
Copyright © 2025, The Librarian, Library and Information Centre, BMSCA D&P, Bengaluru. All Rights Reserved
web counter

Powered by Koha